Statistics for Top 10 Spanish PL scorers

Click here to take the quiz!

General Stats

  • This quiz has been taken 37 times
  • The average score is 5 of 10

Answer Stats

HintAnswer% Correct
47Fabregas
90%
85Torres
80%
37Silva
70%
51Costa
57%
25Cazorla
57%
45Mata
53%
41Arteta
40%
20Michu
37%
18Negredo
30%
18Garcia
23%

Score Distribution

Percentile by Number Answered

Percent of People with Each Score

Your Score History

You have not taken this quiz